[Event "EYCC 2024 - O16"]
[Site "?"]
[Date "2024.08.29"]
[Round "7.1"]
[White "Kvaloy, Aksel Bu"]
[Black "Materia, Marco"]
[Result "1/2-1/2"]
[BlackElo "2457"]
[WhiteElo "2487"]
[LiveChessVersion "1.4.8"]

1. d4 {[%clk 1:30:56]} Nf6 {[%clk 1:30:56]} 2. c4 {[%clk 1:31:21]} e6
{[%clk 1:31:23]} 3. g3 {[%clk 1:31:47]} d5 {[%clk 1:31:50]} 4. Bg2
{[%clk 1:32:12]} Be7 {[%clk 1:32:14]} 5. Nf3 {[%clk 1:32:36]} O-O
{[%clk 1:32:40]} 6. O-O {[%clk 1:32:57]} c6 {[%clk 1:33:08]} 7. Qc2
{[%clk 1:33:04]} b6 {[%clk 1:33:32]} 8. Rd1 {[%clk 1:33:14]} Nbd7
{[%clk 1:31:11]} 9. Nbd2 {[%clk 1:30:33]} Ba6 {[%clk 1:21:42]} 10. e4
{[%clk 1:29:52]} Nxe4 {[%clk 1:09:49]} 11. Nxe4 {[%clk 1:29:27]} dxe4
{[%clk 1:10:18]} 12. Ne5 {[%clk 1:29:32]} f5 {[%clk 1:07:43]} 13. Nxc6
{[%clk 1:28:44]} Qe8 {[%clk 1:08:12]} 14. b4 {[%clk 1:28:32]} Bb7
{[%clk 1:01:48]} 15. Nxe7+ {[%clk 1:16:31]} Qxe7 {[%clk 1:01:44]} 16. a4
{[%clk 1:16:01]} Nf6 {[%clk 0:55:30]} 17. b5 {[%clk 1:09:25]} Rfc8
{[%clk 0:49:04]} 18. c5 {[%clk 1:04:52]} Bd5 {[%clk 0:43:09]} 19. c6
{[%clk 1:04:18]} a6 {[%clk 0:38:26]} 20. Bf4 {[%clk 1:00:31]} Ra7
{[%clk 0:35:31]} 21. Qb2 {[%clk 0:46:50]} a5 {[%clk 0:25:40]} 22. h3
{[%clk 0:36:39]} Nh5 {[%clk 0:23:05]} 23. Be5 {[%clk 0:35:33]} f4
{[%clk 0:21:57]} 24. Re1 {[%clk 0:14:38]} f3 {[%clk 0:17:31]} 25. Bf1
{[%clk 0:15:03]} Nf6 {[%clk 0:16:58]} 26. Qa3 {[%clk 0:15:05]} Qf7
{[%clk 0:16:40]} 27. Rac1 {[%clk 0:14:54]} h5 {[%clk 0:16:08]} 28. Qe3
{[%clk 0:13:36]} Qg6 {[%clk 0:16:19]} 29. c7 {[%clk 0:11:01]} Qf7
{[%clk 0:15:21]} 30. Rc2 {[%clk 0:08:10]} Raxc7 {[%clk 0:14:22]} 31. Rxc7
{[%clk 0:08:13]} Rxc7 {[%clk 0:14:51]} 32. Bxc7 {[%clk 0:08:34]} Qxc7
{[%clk 0:15:20]} 33. Rc1 {[%clk 0:08:50]} Qd6 {[%clk 0:15:12]} 34. Qg5
{[%clk 0:08:24]} Kf7 {[%clk 0:14:34]} 35. Bc4 {[%clk 0:04:04]} g6
{[%clk 0:13:55]} 36. Bxd5 {[%clk 0:03:34]} Nxd5 {[%clk 0:14:12]} 37. Qe5
{[%clk 0:02:12]} Qxe5 {[%clk 0:13:40]} 38. dxe5 {[%clk 0:02:41]} g5
{[%clk 0:13:22]} 39. Rc4 {[%clk 0:02:37]} Kg6 {[%clk 0:12:57]} 40. g4
{[%clk 0:02:26]} Nf4 {[%clk 0:12:36]} 41. Rxe4 {[%clk 0:00:47]} Nxh3+
{[%clk 0:12:57]} 42. Kf1 {[%clk 0:01:03]} hxg4 {[%clk 0:13:01]} 43. Rc4
{[%clk 0:00:42]} Nf4 {[%clk 0:12:52]} 44. Rc6 {[%clk 0:01:06]} Nd5
{[%clk 0:12:59]} 45. Rxe6+ {[%clk 0:01:29]} Kf5 {[%clk 0:13:29]} 46. Re8
{[%clk 0:01:34]} Nc3 {[%clk 0:13:50]} 47. e6 {[%clk 0:01:23]} Nxa4
{[%clk 0:14:14]} 48. e7 {[%clk 0:01:47]} Kf6 {[%clk 0:14:37]} 49. Rg8
{[%clk 0:01:47]} Kxe7 {[%clk 0:15:04]} 50. Rxg5 {[%clk 0:01:59]} Nc3
{[%clk 0:14:37]} 51. Rg6 {[%clk 0:02:15]} Nxb5 {[%clk 0:14:49]} 52. Rxb6
{[%clk 0:02:40]} Nd6 {[%clk 0:10:45]} 53. Ra6 {[%clk 0:02:35]} Ne4
{[%clk 0:10:45]} 54. Rg6 {[%clk 0:01:34]} Nf6 {[%clk 0:10:48]} 55. Ke1
{[%clk 0:00:45]} a4 {[%clk 0:09:58]} 56. Rg7+ {[%clk 0:00:38]} Kd6
{[%clk 0:10:07]} 57. Ra7 {[%clk 0:00:51]} Ne4 {[%clk 0:10:26]} 58. Rxa4
{[%clk 0:01:10]} Ke5 {[%clk 0:10:49]} 59. Ra8 {[%clk 0:01:23]} g3
{[%clk 0:11:12]} 60. fxg3 {[%clk 0:01:29]} Nxg3 {[%clk 0:11:32]} 61. Kf2
{[%clk 0:01:49]} Ne4+ {[%clk 0:11:44]} 62. Kxf3 {[%clk 0:02:16]} Nd6
{[%clk 0:12:02]} 63. Ra5+ {[%clk 0:02:39]} Kd4 {[%clk 0:12:28]} 64. Kf4
{[%clk 0:03:03]} Nc4 {[%clk 0:12:50]} 65. Ra8 {[%clk 0:03:29]} Nd6
{[%clk 0:13:11]} 66. Ra1 {[%clk 0:03:47]} Nc4 {[%clk 0:13:29]} 67. Rd1+
{[%clk 0:04:13]} Kc5 {[%clk 0:13:56]} 68. Ke4 {[%clk 0:04:27]} Nd6+
{[%clk 0:14:22]} 69. Ke5 {[%clk 0:04:54]} Nc4+ {[%clk 0:14:49]} 70. Ke6
{[%clk 0:05:20]} Ne3 {[%clk 0:15:14]} 71. Rd3 {[%clk 0:05:37]} Nc4
{[%clk 0:15:39]} 72. Rd5+ {[%clk 0:05:46]} Kb4 {[%clk 0:16:03]} 73. Rh5
{[%clk 0:05:55]} Nb6 {[%clk 0:15:39]} 74. Kd6 {[%clk 0:05:58]} Nc4+
{[%clk 0:15:34]} 75. Kc6 {[%clk 0:06:16]} Kc3 {[%clk 0:15:02]} 76. Kd5
{[%clk 0:06:23]} Ne3+ {[%clk 0:15:19]} 77. Ke4 {[%clk 0:06:43]} Nc4
{[%clk 0:15:37]} 78. Rc5 {[%clk 0:07:02]} Kb4 {[%clk 0:15:50]} 79. Kd4
{[%clk 0:07:26]} Nb6 {[%clk 0:16:00]} 80. Rh5 {[%clk 0:07:34]} Na4
{[%clk 0:16:20]} 81. Rg5 {[%clk 0:06:41]} Nb6 {[%clk 0:16:41]} 82. Rc5
{[%clk 0:07:07]} Na4 {[%clk 0:17:02]} 83. Rc1 {[%clk 0:07:33]} Kb5
{[%clk 0:17:20]} 84. Rb1+ {[%clk 0:03:32]} Kc6 {[%clk 0:17:47]} 85. Rh1
{[%clk 0:03:56]} Kb5 {[%clk 0:18:08]} 86. Rh5+ {[%clk 0:03:56]} Kb4
{[%clk 0:18:35]} 87. Kd5 {[%clk 0:02:31]} Nc3+ {[%clk 0:18:46]} 88. Kd4
{[%clk 0:02:45]} Na4 {[%clk 0:19:11]} 89. Rh8 {[%clk 0:02:15]} Kb5
{[%clk 0:19:24]} 90. Ra8 {[%clk 0:02:08]} Nb6 {[%clk 0:19:49]} 91. Rg8
{[%clk 0:02:24]} Na4 {[%clk 0:20:14]} 92. Rh8 {[%clk 0:02:26]} Nb6
{[%clk 0:20:36]} 93. Rh1 {[%clk 0:02:53]} Na4 {[%clk 0:21:02]} 94. Rc1
{[%clk 0:03:03]} Nb6 {[%clk 0:21:26]} 95. Rb1+ {[%clk 0:03:29]} Kc6
{[%clk 0:21:52]} 96. Rb2 {[%clk 0:03:19]} Na4 {[%clk 0:22:12]} 97. Rc2+
{[%clk 0:03:11]} Kb5 {[%clk 0:22:39]} 1/2-1/2

[Event "EYCC 2024 - O16"]
[Site "?"]
[Date "2024.08.29"]
[Round "7.2"]
[White "Durak, Can"]
[Black "Nemsadze, Daviti"]
[Result "1/2-1/2"]
[BlackElo "2192"]
[WhiteElo "2442"]
[LiveChessVersion "1.4.8"]

1. Nf3 {[%clk 1:30:28]} c5 {[%clk 1:30:59]} 2. g3 {[%clk 1:30:23]} Nc6
{[%clk 1:31:23]} 3. Bg2 {[%clk 1:30:23]} g6 {[%clk 1:31:47]} 4. O-O
{[%clk 1:29:45]} Bg7 {[%clk 1:32:14]} 5. c4 {[%clk 1:27:25]} d6 {[%clk 1:32:16]}
6. Nc3 {[%clk 1:25:46]} e6 {[%clk 1:32:43]} 7. e3 {[%clk 1:23:58]} Nge7
{[%clk 1:33:08]} 8. d4 {[%clk 1:24:14]} O-O {[%clk 1:33:33]} 9. Rb1
{[%clk 1:21:34]} b6 {[%clk 1:21:29]} 10. b3 {[%clk 1:19:57]} Rb8 {[%clk 1:11:40]}
11. Ba3 {[%clk 1:18:48]} Re8 {[%clk 1:06:51]} 12. Qd2 {[%clk 1:17:36]} Ba6
{[%clk 1:03:19]} 13. Rfd1 {[%clk 1:09:17]} cxd4 {[%clk 1:02:02]} 14. exd4
{[%clk 1:09:01]} d5 {[%clk 1:02:28]} 15. c5 {[%clk 1:01:52]} Nf5 {[%clk 0:57:55]}
16. b4 {[%clk 0:56:12]} Bc4 {[%clk 0:57:15]} 17. Ne2 {[%clk 0:43:37]} Bxe2
{[%clk 0:57:08]} 18. Qxe2 {[%clk 0:44:00]} Nfxd4 {[%clk 0:56:48]} 19. Nxd4
{[%clk 0:43:57]} Nxd4 {[%clk 0:54:52]} 20. Qa6 {[%clk 0:42:45]} Qc8
{[%clk 0:52:37]} 21. Qd3 {[%clk 0:38:47]} Nc6 {[%clk 0:43:17]} 22. Bf1
{[%clk 0:35:06]} b5 {[%clk 0:34:42]} 23. Qc2 {[%clk 0:32:13]} Qa6
{[%clk 0:30:22]} 24. Rd3 {[%clk 0:23:49]} e5 {[%clk 0:29:22]} 25. Bc1
{[%clk 0:23:18]} e4 {[%clk 0:27:46]} 26. Rxd5 {[%clk 0:19:01]} Nd4
{[%clk 0:28:12]} 27. Qd1 {[%clk 0:19:16]} Qxa2 {[%clk 0:28:34]} 28. Rxd4
{[%clk 0:19:30]} Qxb1 {[%clk 0:27:54]} 29. Rd7 {[%clk 0:19:48]} e3
{[%clk 0:12:13]} 30. Qd5 {[%clk 0:10:02]} exf2+ {[%clk 0:12:04]} 31. Kg2
{[%clk 0:09:59]} Qe4+ {[%clk 0:03:49]} 32. Qxe4 {[%clk 0:10:26]} Rxe4
{[%clk 0:04:18]} 33. Bf4 {[%clk 0:07:01]} Rc8 {[%clk 0:01:41]} 34. Bxb5
{[%clk 0:06:57]} Rxb4 {[%clk 0:02:07]} 35. Ba6 {[%clk 0:07:02]} Rxf4
{[%clk 0:01:07]} 36. gxf4 {[%clk 0:07:25]} Rxc5 {[%clk 0:01:34]} 37. Kxf2
{[%clk 0:07:43]} Bh6 {[%clk 0:01:50]} 38. Rxa7 {[%clk 0:07:19]} Bxf4
{[%clk 0:02:12]} 39. h3 {[%clk 0:07:02]} Rc3 {[%clk 0:02:01]} 40. Rd7
{[%clk 0:07:18]} Kg7 {[%clk 0:01:17]} 41. Bb7 {[%clk 0:06:41]} Rxh3
{[%clk 0:01:02]} 42. Bd5 {[%clk 0:07:10]} Kf6 {[%clk 0:01:07]} 43. Rxf7+
{[%clk 0:07:33]} Kg5 {[%clk 0:01:19]} 44. Rb7 {[%clk 0:06:25]} h5
{[%clk 0:01:30]} 45. Be4 {[%clk 0:05:49]} Ra3 {[%clk 0:01:06]} 46. Rg7
{[%clk 0:05:39]} Bg3+ {[%clk 0:01:00]} 47. Ke2 {[%clk 0:04:36]} h4
{[%clk 0:00:58]} 48. Rxg6+ {[%clk 0:04:28]} Kf4 {[%clk 0:01:28]} 49. Bb7
{[%clk 0:03:17]} Ra2+ {[%clk 0:01:33]} 50. Kd3 {[%clk 0:03:18]} h3
{[%clk 0:01:57]} 51. Rh6 {[%clk 0:03:40]} h2 {[%clk 0:02:25]} 52. Rh8
{[%clk 0:03:48]} Ra1 {[%clk 0:02:48]} 53. Ke2 {[%clk 0:03:57]} Kg4
{[%clk 0:02:52]} 54. Bf3+ {[%clk 0:03:49]} Kg5 {[%clk 0:02:47]} 55. Rg8+ 1/2-1/2

[Event "EYCC 2024 - O16"]
[Site "?"]
[Date "2024.08.29"]
[Round "7.3"]
[White "Agasarov, Benik"]
[Black "Magold, Filip"]
[Result "1-0"]
[BlackElo "2425"]
[WhiteElo "2387"]
[LiveChessVersion "1.4.8"]

1. d4 {[%clk 1:30:57]} Nf6 {[%clk 1:30:12]} 2. c4 {[%clk 1:31:20]} c5
{[%clk 1:30:40]} 3. d5 {[%clk 1:31:27]} b5 {[%clk 1:31:06]} 4. cxb5
{[%clk 1:31:52]} a6 {[%clk 1:31:33]} 5. e3 {[%clk 1:32:16]} g6 {[%clk 1:31:58]}
6. Nc3 {[%clk 1:32:40]} Bg7 {[%clk 1:32:24]} 7. a4 {[%clk 1:33:04]} O-O
{[%clk 1:32:46]} 8. e4 {[%clk 1:32:47]} Bb7 {[%clk 1:30:19]} 9. Bc4
{[%clk 1:31:17]} e6 {[%clk 1:27:13]} 10. Nge2 {[%clk 1:29:02]} axb5
{[%clk 1:26:21]} 11. Bxb5 {[%clk 1:29:26]} exd5 {[%clk 1:24:02]} 12. exd5
{[%clk 1:29:51]} Na6 {[%clk 1:24:29]} 13. O-O {[%clk 1:26:31]} Nb4
{[%clk 1:24:53]} 14. Bg5 {[%clk 1:22:44]} h6 {[%clk 1:24:34]} 15. Bxf6
{[%clk 1:20:39]} Qxf6 {[%clk 1:23:59]} 16. Qd2 {[%clk 1:18:40]} Rfe8
{[%clk 1:19:06]} 17. Rae1 {[%clk 1:06:24]} Re7 {[%clk 1:13:08]} 18. Nf4
{[%clk 1:03:06]} Rae8 {[%clk 1:12:09]} 19. Rxe7 {[%clk 1:01:30]} Rxe7
{[%clk 1:12:33]} 20. Rd1 {[%clk 0:54:22]} d6 {[%clk 1:12:17]} 21. g3
{[%clk 0:46:57]} h5 {[%clk 1:02:32]} 22. Bc6 {[%clk 0:34:47]} Bc8
{[%clk 1:01:39]} 23. Re1 {[%clk 0:34:11]} Qd4 {[%clk 1:01:10]} 24. Qc1
{[%clk 0:34:24]} Rxe1+ {[%clk 1:01:05]} 25. Qxe1 {[%clk 0:34:49]} Be5
{[%clk 0:58:24]} 26. Qe3 {[%clk 0:25:41]} Bf5 {[%clk 0:36:24]} 27. a5
{[%clk 0:23:41]} Qc4 {[%clk 0:35:32]} 28. Qe2 {[%clk 0:22:34]} Qxe2
{[%clk 0:28:24]} 29. Nfxe2 {[%clk 0:22:32]} Bc8 {[%clk 0:24:59]} 30. f4
{[%clk 0:20:54]} Bf6 {[%clk 0:24:26]} 31. Ne4 {[%clk 0:20:29]} Be7
{[%clk 0:23:09]} 32. N2c3 {[%clk 0:20:47]} f5 {[%clk 0:20:16]} 33. Nd2
{[%clk 0:21:00]} Ba6 {[%clk 0:20:01]} 34. Bb5 {[%clk 0:19:37]} Bb7
{[%clk 0:19:56]} 35. Nc4 {[%clk 0:19:58]} Kf7 {[%clk 0:17:03]} 36. h4
{[%clk 0:15:09]} Bf8 {[%clk 0:16:38]} 37. Nb6 {[%clk 0:13:51]} Bg7
{[%clk 0:14:39]} 38. Bd7 {[%clk 0:13:56]} Ba6 {[%clk 0:13:16]} 39. Nc8
{[%clk 0:12:37]} Nd3 {[%clk 0:12:06]} 40. Nb5 {[%clk 0:09:29]} Nxb2
{[%clk 0:09:42]} 41. Ncxd6+ {[%clk 0:08:12]} Kf8 {[%clk 0:04:10]} 42. Bc8
{[%clk 0:08:12]} Bxb5 {[%clk 0:04:22]} 43. Nxb5 {[%clk 0:08:37]} c4
{[%clk 0:04:50]} 44. a6 {[%clk 0:08:50]} c3 {[%clk 0:05:15]} 45. Bxf5
{[%clk 0:08:59]} 1-0

[Event "EYCC 2024 - O16"]
[Site "?"]
[Date "2024.08.29"]
[Round "7.4"]
[White "Tabuenca Mendataurigoitia, Daniel"]
[Black "Perea Fruet, Lorenzo"]
[Result "0-1"]
[BlackElo "2373"]
[WhiteElo "2431"]
[LiveChessVersion "1.4.8"]

1. Nf3 {[%clk 1:30:54]} d5 {[%clk 1:30:24]} 2. e3 {[%clk 1:30:43]} Nf6
{[%clk 1:30:02]} 3. d4 {[%clk 1:30:10]} c5 {[%clk 1:25:05]} 4. a3
{[%clk 1:29:58]} cxd4 {[%clk 1:22:51]} 5. exd4 {[%clk 1:30:13]} Nc6
{[%clk 1:23:04]} 6. h3 {[%clk 1:26:55]} g6 {[%clk 1:21:06]} 7. Bd3
{[%clk 1:23:04]} Bg7 {[%clk 1:19:18]} 8. O-O {[%clk 1:21:49]} O-O
{[%clk 1:18:52]} 9. Re1 {[%clk 1:20:17]} Bf5 {[%clk 1:18:22]} 10. c3
{[%clk 1:19:20]} Bxd3 {[%clk 1:16:17]} 11. Qxd3 {[%clk 1:19:49]} Qb6
{[%clk 1:13:20]} 12. a4 {[%clk 1:07:54]} e6 {[%clk 1:08:51]} 13. b4
{[%clk 1:01:53]} Ne4 {[%clk 1:02:12]} 14. Bf4 {[%clk 0:49:31]} Rac8
{[%clk 0:52:02]} 15. a5 {[%clk 0:41:54]} Qd8 {[%clk 0:51:43]} 16. a6
{[%clk 0:30:52]} bxa6 {[%clk 0:46:19]} 17. Bd2 {[%clk 0:27:04]} a5
{[%clk 0:40:06]} 18. b5 {[%clk 0:26:46]} Ne7 {[%clk 0:39:50]} 19. c4
{[%clk 0:21:58]} Rxc4 {[%clk 0:35:47]} 20. Bxa5 {[%clk 0:20:46]} Qd7
{[%clk 0:31:56]} 21. Na3 {[%clk 0:20:25]} Ra4 {[%clk 0:29:11]} 22. Nc2
{[%clk 0:20:09]} Rxa1 {[%clk 0:28:39]} 23. Rxa1 {[%clk 0:20:37]} Rb8
{[%clk 0:26:33]} 24. Bb4 {[%clk 0:19:52]} Nc8 {[%clk 0:24:53]} 25. Ra5
{[%clk 0:19:06]} Qc7 {[%clk 0:23:37]} 26. Ra6 {[%clk 0:15:26]} Ncd6
{[%clk 0:21:01]} 27. Bxd6 {[%clk 0:13:42]} Nxd6 {[%clk 0:21:26]} 28. Na3
{[%clk 0:14:01]} Qc1+ {[%clk 0:19:16]} 29. Kh2 {[%clk 0:12:36]} Ne4
{[%clk 0:19:29]} 30. Qe2 {[%clk 0:11:32]} Bf8 {[%clk 0:17:58]} 31. Nc2
{[%clk 0:10:41]} Bd6+ {[%clk 0:15:29]} 32. g3 {[%clk 0:10:56]} Nc3
{[%clk 0:15:22]} 33. Qd3 {[%clk 0:10:22]} Nxb5 {[%clk 0:15:16]} 34. Ne3
{[%clk 0:10:18]} Qc8 {[%clk 0:14:53]} 35. Ra2 {[%clk 0:10:13]} h5
{[%clk 0:13:03]} 36. Ng5 {[%clk 0:09:03]} Be7 {[%clk 0:12:36]} 37. Rc2
{[%clk 0:09:11]} Qd7 {[%clk 0:12:53]} 38. Nf3 {[%clk 0:09:08]} Bf6
{[%clk 0:12:41]} 39. Ra2 {[%clk 0:08:47]} Qd6 {[%clk 0:11:27]} 40. Ng2
{[%clk 0:07:22]} a6 {[%clk 0:10:55]} 41. Nf4 {[%clk 0:07:38]} Kg7
{[%clk 0:11:06]} 42. Ne5 {[%clk 0:07:30]} Bxe5 {[%clk 0:10:04]} 43. dxe5
{[%clk 0:07:58]} Qxe5 {[%clk 0:10:25]} 44. Rxa6 {[%clk 0:08:20]} Nd6
{[%clk 0:09:46]} 45. Qa3 {[%clk 0:07:23]} Nf5 {[%clk 0:08:48]} 46. h4
{[%clk 0:03:32]} Qd4 {[%clk 0:07:18]} 47. Nh3 {[%clk 0:01:22]} Nh6
{[%clk 0:06:01]} 48. Ra4 {[%clk 0:00:57]} Qe5 {[%clk 0:05:35]} 49. Ng5
{[%clk 0:00:59]} Qb2 {[%clk 0:02:47]} 50. Qf3 {[%clk 0:00:49]} Nf5
{[%clk 0:03:09]} 51. Ra7 {[%clk 0:01:00]} Rb7 {[%clk 0:03:06]} 52. Ra8
{[%clk 0:01:12]} Rb3 {[%clk 0:02:39]} 53. Qf4 {[%clk 0:01:20]} e5
{[%clk 0:02:24]} 54. Ne6+ {[%clk 0:01:29]} fxe6 {[%clk 0:02:39]} 55. Ra7+
{[%clk 0:01:55]} Rb7 {[%clk 0:02:32]} 56. Rxb7+ {[%clk 0:02:20]} Qxb7 57. Qxe5+
{[%clk 0:02:47]} Kf7 {[%clk 0:03:20]} 58. Qh8 {[%clk 0:02:27]} Qd7
{[%clk 0:03:27]} 59. f3 {[%clk 0:02:33]} d4 {[%clk 0:03:39]} 60. g4
{[%clk 0:02:58]} Ng7 {[%clk 0:04:02]} 61. gxh5 {[%clk 0:03:21]} gxh5
{[%clk 0:04:27]} 62. Qh6 {[%clk 0:03:46]} Qd6+ {[%clk 0:04:37]} 63. Kg2
{[%clk 0:04:13]} Qe5 {[%clk 0:05:01]} 64. Qd2 {[%clk 0:04:35]} Nf5
{[%clk 0:05:18]} 65. Qg5 {[%clk 0:04:49]} Ne3+ {[%clk 0:05:17]} 0-1

[Event "EYCC 2024 - O16"]
[Site "?"]
[Date "2024.08.29"]
[Round "7.5"]
[White "Habans Aguerrea, Javier"]
[Black "Krawczyk, Flawian"]
[Result "1-0"]
[BlackElo "2263"]
[WhiteElo "2395"]
[LiveChessVersion "1.4.8"]

1. d4 {[%clk 1:30:56]} d5 {[%clk 1:30:01]} 2. c4 {[%clk 1:31:20]} e6
{[%clk 1:30:24]} 3. Nf3 {[%clk 1:31:37]} Nf6 {[%clk 1:30:50]} 4. g3
{[%clk 1:31:58]} dxc4 {[%clk 1:31:17]} 5. Bg2 {[%clk 1:32:04]} Bb4+
{[%clk 1:31:42]} 6. Nbd2 {[%clk 1:28:44]} b5 {[%clk 1:30:53]} 7. O-O
{[%clk 1:18:28]} O-O {[%clk 1:30:25]} 8. a3 {[%clk 1:07:14]} Be7 {[%clk 1:23:49]}
9. b3 {[%clk 1:01:38]} cxb3 {[%clk 1:18:47]} 10. Qxb3 {[%clk 1:01:16]} a6
{[%clk 1:14:35]} 11. Ne5 {[%clk 1:00:21]} Ra7 {[%clk 1:12:11]} 12. Bb2
{[%clk 0:54:30]} Bb7 {[%clk 1:09:13]} 13. Bxb7 {[%clk 0:53:51]} Rxb7
{[%clk 1:08:14]} 14. Rfd1 {[%clk 0:51:15]} Nfd7 {[%clk 0:37:31]} 15. Ne4
{[%clk 0:47:10]} Nb6 {[%clk 0:31:15]} 16. Nc5 {[%clk 0:43:00]} Ra7
{[%clk 0:31:38]} 17. Nxe6 {[%clk 0:38:44]} fxe6 {[%clk 0:31:17]} 18. Qxe6+
{[%clk 0:39:11]} Kh8 {[%clk 0:31:41]} 19. Nf7+ {[%clk 0:39:02]} Rxf7
{[%clk 0:32:08]} 20. Qxf7 {[%clk 0:39:29]} Qf8 {[%clk 0:23:33]} 21. Qe6
{[%clk 0:38:22]} c6 {[%clk 0:19:32]} 22. d5 {[%clk 0:31:41]} Nxd5
{[%clk 0:19:37]} 23. Rac1 {[%clk 0:22:48]} Rd7 {[%clk 0:14:28]} 24. e4
{[%clk 0:17:11]} Rd6 {[%clk 0:10:09]} 25. Qh3 {[%clk 0:15:39]} Nb6
{[%clk 0:10:30]} 26. Rxd6 {[%clk 0:12:59]} Bxd6 {[%clk 0:10:56]} 27. Qe6
{[%clk 0:09:23]} Nc4 {[%clk 0:09:10]} 28. Bc3 {[%clk 0:09:33]} Bxa3
{[%clk 0:08:47]} 29. Rd1 {[%clk 0:09:29]} Be7 {[%clk 0:08:33]} 30. Rd3
{[%clk 0:09:14]} Bc5 {[%clk 0:06:26]} 31. Bd4 {[%clk 0:07:07]} Qe7
{[%clk 0:02:45]} 32. Qc8+ {[%clk 0:06:12]} Qf8 {[%clk 0:03:14]} 33. Qe6
{[%clk 0:04:21]} Qe7 {[%clk 0:03:40]} 34. Qf5 {[%clk 0:02:24]} Bb4
{[%clk 0:02:47]} 35. Bc5 {[%clk 0:02:16]} Bxc5 {[%clk 0:03:10]} 36. Qc8+
{[%clk 0:01:39]} Qf8 {[%clk 0:03:34]} 37. Rd8 {[%clk 0:02:08]} Kg8
{[%clk 0:02:44]} 38. Qe6+ {[%clk 0:02:25]} Kh8 {[%clk 0:03:07]} 39. Qc8
{[%clk 0:02:54]} Kg8 {[%clk 0:03:34]} 40. Rxf8+ {[%clk 0:03:09]} Bxf8
{[%clk 0:04:00]} 41. Qe6+ {[%clk 0:02:49]} Kh8 {[%clk 0:04:29]} 42. Qf7
{[%clk 0:03:08]} Nd7 {[%clk 0:04:39]} 43. Qxd7 {[%clk 0:03:37]} h6
{[%clk 0:04:38]} 44. Qxc6 {[%clk 0:03:44]} Na3 {[%clk 0:04:43]} 45. e5
{[%clk 0:03:06]} b4 {[%clk 0:05:05]} 46. Qe8 {[%clk 0:03:25]} 1-0

[Event "EYCC 2024 - O16"]
[Site "?"]
[Date "2024.08.29"]
[Round "7.6"]
[White "Prazak, Daniel"]
[Black "Bodrogi, Bendeguz"]
[Result "1/2-1/2"]
[BlackElo "2353"]
[WhiteElo "2261"]
[LiveChessVersion "1.4.8"]

1. e4 {[%clk 1:30:55]} c6 {[%clk 1:30:46]} 2. d4 {[%clk 1:30:43]} d5
{[%clk 1:31:07]} 3. exd5 {[%clk 1:30:21]} cxd5 {[%clk 1:31:25]} 4. Bd3
{[%clk 1:30:07]} Nf6 {[%clk 1:29:38]} 5. c3 {[%clk 1:29:53]} Nc6 {[%clk 1:25:45]}
6. Bf4 {[%clk 1:28:36]} Bg4 {[%clk 1:25:59]} 7. Qb3 {[%clk 1:28:12]} Qd7
{[%clk 1:26:20]} 8. Nd2 {[%clk 1:28:12]} e6 {[%clk 1:26:37]} 9. Ngf3
{[%clk 1:28:19]} Bd6 {[%clk 1:26:36]} 10. Bxd6 {[%clk 1:28:29]} Qxd6
{[%clk 1:26:59]} 11. O-O {[%clk 1:28:14]} O-O {[%clk 1:27:20]} 12. Rfe1
{[%clk 1:27:15]} Bxf3 {[%clk 1:21:04]} 13. Nxf3 {[%clk 1:26:52]} Qc7
{[%clk 1:21:30]} 14. Qd1 {[%clk 1:21:55]} Rab8 {[%clk 1:19:49]} 15. Qe2
{[%clk 1:17:36]} Rfc8 {[%clk 1:19:00]} 16. a3 {[%clk 1:13:25]} Na5
{[%clk 1:16:03]} 17. Ne5 {[%clk 1:11:05]} Nc4 {[%clk 1:16:10]} 18. f4
{[%clk 1:09:34]} Nd6 {[%clk 1:10:48]} 19. Rf1 {[%clk 1:04:04]} g6
{[%clk 0:54:45]} 20. g4 {[%clk 0:59:03]} Nfe4 {[%clk 0:52:00]} 21. Bxe4
{[%clk 0:50:22]} Nxe4 {[%clk 0:47:25]} 22. f5 {[%clk 0:48:17]} f6
{[%clk 0:34:41]} 23. Nd3 {[%clk 0:45:00]} exf5 {[%clk 0:34:02]} 24. gxf5
{[%clk 0:41:45]} g5 {[%clk 0:29:43]} 25. Rae1 {[%clk 0:36:55]} Re8
{[%clk 0:26:51]} 26. Qg2 {[%clk 0:35:45]} Kh8 {[%clk 0:20:05]} 27. Nb4
{[%clk 0:25:23]} Qc4 {[%clk 0:20:11]} 28. Re3 {[%clk 0:24:30]} a5
{[%clk 0:18:30]} 29. Nxd5 {[%clk 0:23:59]} Qxd5 {[%clk 0:18:52]} 30. Rfe1
{[%clk 0:24:21]} Qxf5 {[%clk 0:19:00]} 31. Rxe4 {[%clk 0:24:44]} Rxe4
{[%clk 0:19:23]} 32. Rxe4 {[%clk 0:24:48]} Kg7 {[%clk 0:18:02]} 33. c4
{[%clk 0:17:41]} h5 {[%clk 0:16:17]} 34. d5 {[%clk 0:14:57]} Kg6 {[%clk 0:16:21]}
35. Qe2 {[%clk 0:14:30]} g4 {[%clk 0:10:37]} 36. Re7 {[%clk 0:12:09]} b5
{[%clk 0:06:55]} 37. c5 {[%clk 0:10:01]} Qxd5 {[%clk 0:06:03]} 38. Qc2+
{[%clk 0:10:18]} f5 {[%clk 0:05:02]} 39. Qc3 {[%clk 0:09:54]} Qd1+
{[%clk 0:00:51]} 40. Kf2 {[%clk 0:09:17]} Qf3+ {[%clk 0:01:19]} 41. Qxf3
{[%clk 0:09:35]} gxf3 {[%clk 0:01:47]} 42. b4 {[%clk 0:05:43]} Kf6
{[%clk 0:00:58]} 43. Rh7 {[%clk 0:04:26]} axb4 {[%clk 0:01:06]} 44. axb4
{[%clk 0:04:51]} Ra8 {[%clk 0:01:10]} 45. Rb7 {[%clk 0:04:33]} Ke5
{[%clk 0:01:21]} 46. Rxb5 {[%clk 0:02:18]} Kf4 {[%clk 0:01:20]} 47. Ra5
{[%clk 0:02:45]} Rg8 {[%clk 0:01:42]} 48. c6 {[%clk 0:02:59]} Rg2+
{[%clk 0:02:07]} 49. Ke1 {[%clk 0:02:20]} Rg1+ {[%clk 0:02:16]} 50. Kf2
{[%clk 0:02:33]} Rg2+ {[%clk 0:02:41]} 51. Kf1 {[%clk 0:01:06]} Rxh2
{[%clk 0:02:17]} 52. c7 {[%clk 0:00:56]} Kg3 {[%clk 0:02:28]} 53. Ke1
{[%clk 0:01:17]} Rc2 {[%clk 0:01:24]} 54. Rc5 {[%clk 0:01:00]} Rxc5
{[%clk 0:01:52]} 55. bxc5 {[%clk 0:01:25]} Kg2 {[%clk 0:02:20]} 56. c8=Q
{[%clk 0:01:37]} f2+ {[%clk 0:02:45]} 57. Kd2 {[%clk 0:02:02]} f1=Q
{[%clk 0:03:09]} 58. c6 {[%clk 0:01:22]} Qf4+ {[%clk 0:02:45]} 59. Kc3
{[%clk 0:01:00]} Qe5+ {[%clk 0:03:00]} 60. Kc4 {[%clk 0:01:05]} h4
{[%clk 0:02:28]} 61. c7 {[%clk 0:01:01]} Qe4+ {[%clk 0:02:34]} 62. Kb5
{[%clk 0:01:03]} Qd5+ {[%clk 0:02:54]} 63. Ka6 {[%clk 0:01:10]} h3
{[%clk 0:03:06]} 64. Qd8 {[%clk 0:00:35]} Qc6+ {[%clk 0:03:15]} 65. Ka7
{[%clk 0:00:45]} h2 {[%clk 0:01:10]} 66. c8=Q {[%clk 0:01:07]} Qa4+
{[%clk 0:01:10]} 67. Qa6 {[%clk 0:01:20]} Qxa6+ {[%clk 0:01:32]} 68. Kxa6
{[%clk 0:01:47]} h1=Q {[%clk 0:01:55]} 69. Qg5+ {[%clk 0:02:13]} Kf2
{[%clk 0:02:16]} 70. Qxf5+ {[%clk 0:02:39]} Qf3 {[%clk 0:02:42]} 71. Qxf3+
{[%clk 0:03:05]} Kxf3 1/2-1/2